Most Averagely Dense Countries #2 - Statistics

General Stats
  • This quiz has been taken 3 times
  • The average score is 6 of 22
Answer Stats
Difference Density Country % Correct
-7 55 Georgia
67%
-6 56 Iran
67%
+5 67 Mexico
67%
-1 61 Panama
67%
-9 53 South Africa
67%
-1 61 Bosnia and Herzegovina
33%
-2 60 Bulgaria
33%
+2 64 Cameroon
33%
+3 65 Ecuador
33%
-6 56 Madagascar
33%
+8 70 North Macedonia
33%
+7 69 Ukraine
33%
+6 68 Afghanistan
0%
+6 68 Croatia
0%
-11 51 Djibouti
0%
+8 70 Equatorial Guinea
0%
+11 73 Eswatini
0%
-11 51 Fiji
0%
0 62 Guinea
0%
+1 63 Guinea-Bissau
0%
-10 52 Liberia
0%
-8 54 Nicaragua
0%
No matching quizzes found
Score Distribution
Percent of People with Each Score
Percentile by Number Answered
Your Score History
You have not taken this quiz